[Event "BIH-chT1A 28th"]
[Site "Mostar"]
[Date "2021.08.11"]
[Round "9.4"]
[White "Sinanovic, Ermin"]
[Black "Dautovic, Dzenan"]
[Result "0-1"]
[WhiteElo "2145"]
[BlackElo "2109"]
[PlyCount "76"]
[EventDate "2021.08.06"]
[EventType "team-tourn"]
[EventRounds "9"]
[EventCountry "BIH"]
[SourceTitle "CBM 203 Extra"]
[Source "ChessBase"]
[SourceDate "2021.09.30"]
[SourceVersion "1"]
[SourceVersionDate "2021.09.30"]
[SourceQuality "1"]
[WhiteTeam "Zivinice"]
[BlackTeam "Konjic Igman"]
[WhiteTeamCountry "BIH"]
[BlackTeamCountry "BIH"]

1. e4 e6 2. d4 d5 3. Nd2 Nf6 4. exd5 exd5 5. Bd3 Nc6 6. c3 Bd6 7. Ne2 Bg4 8. f3 Bh5 9. 0-0 Bg6 10. Bb5 0-0 11. Re1 Ne7 12. Nf1 c6 13. Ba4 Qc7 14. Be3 Nh5 15. g3 Rae8 16. Bf2 f5 17. Bc2 f4 18. g4 Nf6 19. Nc1 Bxc2 20. Qxc2 h5 21. h3 hxg4 22. hxg4 g5 23. Nd3 Kg7 24. Ne5 Rh8 25. c4 dxc4 26. Nxc4 Nfd5 27. Re6 Rd8 28. Nfd2 Rh3 29. Ne4 Rdh8 30. Kf1 Ne3+ 31. Nxe3 fxe3 32. Bg1 Rxf3+ 33. Ke2 Bh2 34. Bxe3 Rxe3+ 35. Kxe3 Nd5+ 36. Kf2 Qf4+ 37. Ke1 Bg3+ 38. Nxg3 Qxg3+ 0-1

[Event "BIH-chT1A 28th"]
[Site "Mostar"]
[Date "2021.08.09"]
[Round "6.1"]
[White "Vego, Nikica"]
[Black "Dautovic, Dzenan"]
[Result "1-0"]
[WhiteElo "2172"]
[BlackElo "2109"]
[PlyCount "55"]
[EventDate "2021.08.06"]
[EventType "team-tourn"]
[EventRounds "9"]
[EventCountry "BIH"]
[SourceTitle "CBM 203 Extra"]
[Source "ChessBase"]
[SourceDate "2021.09.30"]
[SourceVersion "1"]
[SourceVersionDate "2021.09.30"]
[SourceQuality "1"]
[WhiteTeam "Mostar Zrinjski"]
[BlackTeam "Konjic Igman"]
[WhiteTeamCountry "BIH"]
[BlackTeamCountry "BIH"]

1. e4 c5 2. Nf3 Nc6 3. Nc3 Nf6 4. d4 cxd4 5. Nxd4 e5 6. Ndb5 d6 7. Be3 a6 8. Na3 b5 9. Nd5 Nxd5 10. exd5 Nb8 11. c4 Be7 12. cxb5 0-0 13. Be2 f5 14. f4 Bf6 15. Qd2 Bb7 16. 0-0 g6 17. Rac1 axb5 18. Bxb5 exf4 19. Rxf4 Be5 20. Rfc4 Qf6 21. Bg5 Qh8 22. Bc6 Bxb2 23. Bxb7 Rxa3 24. Bc8 Qe5 25. Be6+ Kh8 26. Rc8 Qd4+ 27. Kh1 Nd7 28. Qxd4+ 1-0

[Event "FICGS W-ch st1 g09 email"]
[Site "FICGS email"]
[Date "2012.12.09"]
[Round "1"]
[White "Dautovic, Dzenan"]
[Black "Bain, Mathieu"]
[Result "0-1"]
[WhiteElo "1653"]
[BlackElo "1616"]
[PlyCount "34"]
[EventDate "2012.??.??"]
[EventType "tourn (corr)"]
[EventRounds "8"]
[SourceTitle "Corr 2022"]
[Source "ChessBase"]
[SourceDate "2021.10.24"]
[SourceVersion "1"]
[SourceVersionDate "2021.10.24"]
[SourceQuality "1"]

1. c4 d5 2. g3 Nf6 3. cxd5 e6 4. dxe6 Bxe6 5. Bg2 Bd5 6. Nf3 Bc5 7. 0-0 0-0 8. Nc3 c6 9. Nxd5 Nxd5 10. d4 Bd6 11. e4 Nc7 12. Bg5 Qe8 13. Re1 Bb4 14. Bd2 Nba6 15. Bxb4 Nxb4 16. Qb3 c5 17. a3 Nba6 0-1

[Event "FICGS rapid C 000106 email"]
[Site "FICGS email"]
[Date "2012.05.14"]
[Round "1"]
[White "Dautovic, Dzenan"]
[Black "Zak, Andrzej"]
[Result "1-0"]
[WhiteElo "1545"]
[BlackElo "1600"]
[PlyCount "91"]
[EventDate "2012.??.??"]
[EventType "tourn (rapid)"]
[EventRounds "4"]
[SourceTitle "Corr 2022"]
[Source "ChessBase"]
[SourceDate "2021.10.24"]
[SourceVersion "1"]
[SourceVersionDate "2021.10.24"]
[SourceQuality "1"]

1. c4 Nf6 2. g3 d5 3. cxd5 Nxd5 4. Bg2 Nc6 5. Nc3 e6 6. Nf3 g6 7. 0-0 Bg7 8. d4 0-0 9. a3 Na5 10. e4 Nb6 11. Bg5 f6 12. Bf4 Nac4 13. b3 Nd6 14. h4 Qe7 15. Qc2 e5 16. dxe5 fxe5 17. Bg5 Qe8 18. a4 Bg4 19. Nh2 Be6 20. a5 Nd7 21. Be3 a6 22. Rab1 Rc8 23. Nf3 b6 24. Ng5 b5 25. Nxe6 Qxe6 26. Nd5 c5 27. Kh2 Nf6 28. Bh3 Ng4+ 29. Kg2 h5 30. Bg5 Rce8 31. f3 c4 32. b4 Qd7 33. Rbd1 Kh8 34. Qe2 Rf7 35. fxg4 Rxf1 36. Rxf1 hxg4 37. Bxg4 Qb7 38. Bf6 Nf7 39. Qf2 Nh6 40. Bxg7+ Qxg7 41. Bh3 Ng8 42. Qf7 Rd8 43. h5 gxh5 44. Qxh5+ Nh6 45. Rf6 Kh7 46. Bf5+ 1-0

[Event "BIH CFFBH-chT2"]
[Site "Cazin"]
[Date "2009.07.03"]
[Round "9"]
[White "Kovacic, Dubravko"]
[Black "Dautovic, Dzenan"]
[Result "1/2-1/2"]
[WhiteElo "2086"]
[BlackElo "2182"]
[PlyCount "36"]
[EventDate "2009.06.27"]
[EventType "team-tourn"]
[EventRounds "9"]
[EventCountry "BIH"]
[SourceTitle "EXT 2019"]
[Source "ChessBase"]
[SourceDate "2018.10.10"]
[SourceVersion "1"]
[SourceVersionDate "2018.10.10"]
[SourceQuality "1"]

1. c4 e6 2. Nf3 d5 3. g3 c6 4. b3 f5 5. Bb2 Nf6 6. Bg2 Be7 7. 0-0 0-0 8. d3 a5 9. a3 Na6 10. Nbd2 Ng4 11. h3 Bf6 12. Bxf6 Nxf6 13. Qc2 Qe7 14. Ne5 Nc5 15. f4 Ncd7 16. Ndf3 Nxe5 17. Nxe5 Bd7 18. d4 g5 1/2-1/2

[Event "FICGS W-ch st1 g02 email"]
[Site "FICGS email"]
[Date "2009.02.03"]
[Round "1"]
[White "Lois, Spyros"]
[Black "Dautovic, Dzenan"]
[Result "1-0"]
[WhiteElo "1765"]
[BlackElo "1737"]
[PlyCount "27"]
[EventDate "2009.??.??"]
[EventType "tourn (corr)"]
[EventRounds "8"]
[SourceTitle "Corr 2022"]
[Source "ChessBase"]
[SourceDate "2021.10.24"]
[SourceVersion "1"]
[SourceVersionDate "2021.10.24"]
[SourceQuality "1"]

1. e4 e6 2. d4 d5 3. Nc3 Bb4 4. e5 c5 5. a3 Ba5 6. Qg4 Ne7 7. Qxg7 Rg8 8. Qxh7 cxd4 9. b4 dxc3 10. bxa5 Nbc6 11. Nf3 Qc7 12. Bf4 Bd7 13. Bd3 0-0-0 14. Bg3 1-0

[Event "BIH-chT2"]
[Site "Neum"]
[Date "2008.08.26"]
[Round "6.3"]
[White "Kadusic, Jasmin"]
[Black "Dautovic, Dzenan"]
[Result "0-1"]
[WhiteElo "1974"]
[BlackElo "2171"]
[PlyCount "54"]
[EventDate "2008.08.23"]
[EventType "team"]
[EventRounds "9"]
[EventCountry "BIH"]
[SourceTitle "CBM 126 Extra"]
[Source "ChessBase"]
[SourceDate "2008.11.05"]
[SourceVersion "1"]
[SourceVersionDate "2008.11.05"]
[SourceQuality "1"]

1. e4 c5 2. Nf3 Nc6 3. d4 cxd4 4. Nxd4 Nf6 5. Nc3 e5 6. Ndb5 d6 7. Bg5 a6 8. Bxf6 gxf6 9. Na3 b5 10. Nd5 Bg7 11. c3 f5 12. Bd3 Ne7 13. c4 Nxd5 14. cxd5 fxe4 15. Bxe4 0-0 16. Qd2 f5 17. Bc2 Qh4 18. g3 Qf6 19. Qc3 Bb7 20. Qd2 Bh6 21. Qd1 e4 22. Rb1 Rac8 23. 0-0 b4 24. f3 e3 25. g4 fxg4 26. Qd3 Qg7 27. Nc4 gxf3+ 0-1